000 00469nam a2200169Ia 4500
005 20260123211350.0
008 170106s2002||||xx |||||||||||||| ||und||
020 _a9780819442383
082 _a616.0754
_bTUC
100 _aTuchin, Valery V
245 0 _aHandbook of optical biomedical diagnostics
260 _aWashington
_bSPIE Press
_c2002
300 _axv, 1093p. ; 25cm.
653 _aBiomedical--Diagnostics
653 _aOptical--Techniques
942 _cBK
_2ddc
999 _c16696
_d16696